[Event "EST-ch U16"]
[Site "Tallinn"]
[Date "2016.05.19"]
[Round "1"]
[White "Bogdanov, Aleksei"]
[Black "Garanin, Aleksei"]
[Result "1-0"]
[WhiteElo "1389"]
[BlackElo "2084"]
[PlyCount "123"]
[EventDate "2016.05.19"]
[EventType "swiss"]
[EventRounds "7"]
[EventCountry "EST"]
[SourceTitle "EXT 2018"]
[Source "ChessBase"]
[SourceDate "2017.10.13"]
[SourceVersion "1"]
[SourceVersionDate "2017.10.13"]
[SourceQuality "1"]

1. e4 c5 2. Nf3 d6 3. d4 cxd4 4. Nxd4 Nf6 5. Nc3 a6 6. Be3 e5 7. Nb3 Be6 8. Qd2 Be7 9. Be2 Nc6 10. 0-0 0-0 11. Rad1 b5 12. a3 Rc8 13. f4 exf4 14. Bxf4 Ne5 15. Nd4 Qb6 16. Be3 Qb7 17. Nf5 Bxf5 18. exf5 Rfe8 19. Bf4 Bf8 20. Nd5 Nxd5 21. Qxd5 Qxd5 22. Rxd5 Rxc2 23. Bxe5 Rxe5 24. Bf3 Rxb2 25. Rc1 g6 26. Rxe5 dxe5 27. f6 Rd2 28. Rc6 a5 29. Ra6 b4 30. a4 Rd4 31. Rxa5 e4 32. Be2 Rd2 33. Kf1 Rc2 34. Bd1 Rc6 35. Ke2 Rxf6 36. Re5 Rb6 37. Bb3 Kg7 38. Rxe4 Rf6 39. Kd3 Rf1 40. Re2 f5 41. Kc4 Rc1+ 42. Rc2 Re1 43. Kb5 Re5+ 44. Ka6 Be7 45. Rc7 Kf6 46. Rc6+ Kg5 47. Re6 Kf4 48. Rxe5 Kxe5 49. Kb5 Kd4 50. a5 Bc5 51. Bg8 h5 52. h4 f4 53. Bf7 f3 54. gxf3 Ba7 55. Bxg6 b3 56. Bxh5 Ke3 57. Bg6 Kxf3 58. h5 Kg4 59. h6 Kg5 60. h7 Bd4 61. Bb1 Kh6 62. Kc4 1-0